Statistics for Copernicus Airport Wrocław Destinations (Wrocław, Poland)

Click here to take the quiz!

General Stats

  • This quiz has been taken 29 times
  • The average score is 35 of 67

Answer Stats

AirlineDestination% Correct
Wizz AirLondon (Luton)
100%
RyanairLondon (Stansted)
100%
LOT Polish AirlinesWarsaw (Chopin)
100%
RyanairGdansk
95%
Wizz AirBarcelona
89%
RyanairDublin
89%
LufthansaFrankfurt
89%
KLMAmsterdam
84%
RyanairAthens
84%
LurghansaMunich
84%
RyanairRome (Ciampino)
84%
RyanairEdinburgh
79%
RyanairStockholm (Arlanda)
79%
Swiss International Air LinesZurich
79%
RyanairBergamo
74%
RyanairMalaga
74%
RyanairManchester
74%
RyanairNaples
74%
RyanairAlicante
68%
Enter AirAntalya
63%
RyanairGlasgow
63%
Wizz AirLarnaca
63%
RyanairChania
58%
EurowingsDusseldorf
58%
RyanairLiverpool
58%
RyanairSofia
58%
Wizz AirBari
53%
Wizz AirBirmingham
53%
RyanairCorfu
53%
Wizz AirDubrovnik
53%
Ryanair/Wizz AirLeeds/Bradford
53%
RyanairNewcastle upon Tyne
53%
RyanairPalermo
53%
RyanairPaphos
53%
RyanairPorto
53%
RyanairBristol
47%
Wizz AirBurgas
47%
RyanairMalta
47%
RyanairPalma de Mallorca
47%
Wizz AirSplit
47%
RyanairBologna
42%
RyanairPisa
42%
Buzz/Enter Air/Wizz AirTirana
42%
RyanairTurin
42%
RyanairBillund
37%
RyanairBournemouth
37%
RyanairBrindisi
37%
RyanairCharleroi
37%
Wizz AirDortmund
37%
Wizz AirEindhoven
37%
RyanairPodgorica
37%
Wizz AirRhodes
37%
RyanairTreviso
37%
RyanairZadar
37%
RyanairBeauvais
32%
BuzzKos
32%
Wizz AirReykjavik
32%
RyanairShannon
32%
RyanairEast Midlands
26%
Enter AirHurghada
26%
RyanairGirona
21%
RyanairSandefjord
21%
Enter AirFuerteventura
16%
Wizz AirKutaisi
16%
Enter AirEnfidha
11%
BuzzHaraklion
5%
RyanairOlsztyn-Mazury
5%

Score Distribution

Percentile by Number Answered

Percent of People with Each Score

Your Score History

You have not taken this quiz